Bats and construction (Record no. 63531)

MARC details
000 -LEADER
fixed length control field 01003cam a2200229 4500
001 - CONTROL NUMBER
control field ABS62390
008 - FIXED-LENGTH DATA ELEMENTS--GENERAL INFORMATION
fixed length control field 000000n2000 000 0 eng u
035 ## - SYSTEM CONTROL NUMBER
System control number (Sirsi) u106059
100 ## - MAIN ENTRY--PERSONAL NAME
Personal name Fenn, P.
245 ## - TITLE STATEMENT
Title Bats and construction
260 ## - PUBLICATION, DISTRIBUTION, ETC.
Date of publication, distribution, etc. 2000
490 ## - SERIES STATEMENT
Series statement Construction Information Quarterly
Volume/sequential designation 2(1) 2000, 20-24(5)
520 ## - SUMMARY, ETC.
Summary, etc. Examines the legal protection afforded to bats and their roosts which means that any alteration to an existing building has the potential to cause disturbance. This article describes the legislation, reviews bats natural history relevant to construction, outlines the detection techniques available and bat friendly construction techniques. Includes a list of species of bats, their distribution and roost locations.
590 ## - LOCAL NOTE (RLIN)
Local note ABS
650 ## - SUBJECT ADDED ENTRY--TOPICAL TERM
Topical term or geographic name entry element BATS
650 ## - SUBJECT ADDED ENTRY--TOPICAL TERM
Topical term or geographic name entry element WILDLIFE AND COUNTRYSIDE ACT 1981
650 ## - SUBJECT ADDED ENTRY--TOPICAL TERM
Topical term or geographic name entry element EC HABITATS AND SPECIES DIRECTIVE
650 ## - SUBJECT ADDED ENTRY--TOPICAL TERM
Topical term or geographic name entry element BAT ROOSTS
650 ## - SUBJECT ADDED ENTRY--TOPICAL TERM
Topical term or geographic name entry element HABITAT
690 ## - LOCAL SUBJECT ADDED ENTRY--TOPICAL TERM (OCLC, RLIN)
Topical term or geographic name as entry element RURAL-NATURE CONSERVATION
942 ## - ADDED ENTRY ELEMENTS (KOHA)
Suppress in OPAC 0
Holdings
Withdrawn status Lost status Source of classification or shelving scheme Damaged status Not for loan Home library Current library Shelving location Date acquired Total Checkouts Full call number Barcode Date last seen Copy number Price effective from Koha item type
    Dewey Decimal Classification     London London Journal article 22/05/2000   ABS62390 106059-1001 06/08/2019 1 06/08/2019 Journal article